000
00311nam a22001337a 4500
008
170825b xxu||||| |||| 00| 0 eng d
020
_a
9780312056667
041
_a
eng
080
_2
5 ED
_a
070
100
_a
40
101
_a
MED
245
_a
THE ELEMENTS SCIENTES THINKING
_c
HOOVER.K
942
_2
udc
_c
BK
999
_c
25013
_d
25013